00455 2200181 4500001002100000005001500021035002000036245003000056100001400086250000600100300002900106260003200135082001400167084002000181008004100201650002000242990001100262INLIS00000000000103220240827020902 a0010-01210000371 aTentang Kamu /cTere Liye0 aTere Liye a1 avi+524 hlm :bI ;c20 cm aJakarta :bREPUBLIKA,c2016 a899.221'3 a899.221'3 TER t240827 0  4aFiksi Indonesia a001709